Actitudes femeninas frente a los oficios no tradicionales / (Registro nro. 13649)

Detalles MARC
000 -LIDER
fixed length control field 01703nam a2200361 a 4500
001 - NÚMERO DE CONTROL
Identificador de número de control
003 - IDENTIFICACDOR DE NÚMERO DE CONTROL
control field DO-SdBNP
005 - DATE AND TIME OF LATEST TRANSACTION
control field 20210811112218.0
007 - CAMPOS FIJOS DE DESCRIPCIÓN FÍSICA
fixed length control field
008 - ELEMENTOS DE LONGITUD FIJA
fixed length control field 090509s2020 dr 000 0 spa d
020 ## - ISBN
Canceled/invalid ISBN 9789945613728
040 ## - FUENTE DE CATALOGACIÓN
Agencia que crea de manera original el registro BPMSU
Idioma de catalogación spa
Agencia que realiza la transcripción BPMSU
050 ## - NÚMERO DE CLASIFICACIÓN BIBLIOTECA DEL CONGRESO
Item number
082 ## - NÚMERO DE CLASIFICACIÓN DECIMAL DE DEWEY
Classification number 305.42
Item number M385a 2020
Edition number 22
100 1# - ASIENTO PRINCIPAL -- NOMBRE PERSONAL
Nombre personal Martínez, Lusitania.
245 10 - MENCIÓN DE TITULO
Título Actitudes femeninas frente a los oficios no tradicionales /
Mención de responsabilidad Lusitania Martínez
Subtítulo
250 ## - MENCIÓN DE EDICION
Mención de edición 2a. ed.
260 ## - PUBLICACIÓN, DISTRIBUCIÓN, ETC. (PIE DE IMPRENTA)
Lugar de publicación, distribución, etc Santo Domingo :
Nombre del editor, distribuidor, etc. Centro de Solidaridad para el Desarrollo de la Mujer,
Fecha de publicación, distribución, etc 2020
300 ## - DESCRIPCIÓN FÍSICA
Extensión 210 p. ;
Dimensiones 23 cm.
505 0# - NOTA DE CONTENIDO
Texto normalizado de contenido La división sexual del trabajo : actividades reproductivas y productivas de la mujer -- sexualidad de la división del trabajo -- Introducción: Lo concreto: mujer y trabajo en América Latina -- Variables en la relación mujer-trabajo -- República Dominicana: educación, mujer, trabajo y crisis -- Las actitudes femeninas -- República Dominicana: los Mina Norte, breve contexto global -- Los Mina Norte: un caso de marginalidad -- Las historias de vida de cuatro mujeres marginadas -- Breve perfil de 5 mujeres que hacen oficios de hombre -- Cuadros de la GTZ.
650 #4 - ENCABEZAMIENTO DE MATERIA--TEMÁTICO
Término temático o nombre geográfico como elemento de entrada Educación de la mujer
Subdivisión geográfica República Dominicana
650 #4 - ENCABEZAMIENTO DE MATERIA--TEMÁTICO
Término temático o nombre geográfico como elemento de entrada Mujeres en República Dominicana
650 #4 - ENCABEZAMIENTO DE MATERIA--TEMÁTICO
Término temático o nombre geográfico como elemento de entrada Trabajo de la mujer
Subdivisión geográfica República Dominicana
650 #4 - ENCABEZAMIENTO DE MATERIA--TEMÁTICO
Término temático o nombre geográfico como elemento de entrada Mujeres
Subdivisión temática general Condiciones sociales
710 2# - ASIENTO SECUNDARIO -- NOMBRE CORPORATIVO
Nombre corporativo o de jurisdicción Archivo General de la Nación (República Dominicana)
910 ## - VALIDACIÓN
Validación VMateo V.
942 ## - ADDED ENTRY ELEMENTS (KOHA)
Source of classification or shelving scheme Dewey Decimal Classification
Koha item type Libros
945 ## - INFORMACIÓN DE PROCESAMIENTO LOCAL
Información de procesamiento local Inventariado / 2017 VM
956 ## - LOCAL ELECTRONIC LOCATION AND ACCESS (OCLC)
Nombre de host
Número de acceso
Información de compresión
Inicio de sesión
Procesador de solicitud
956 ## - LOCAL ELECTRONIC LOCATION AND ACCESS (OCLC)
Nombre de host
Número de acceso
Información de compresión
Inicio de sesión
Procesador de solicitud
956 ## - LOCAL ELECTRONIC LOCATION AND ACCESS (OCLC)
Nombre de host
Número de acceso
Información de compresión
Inicio de sesión
Procesador de solicitud
956 ## - LOCAL ELECTRONIC LOCATION AND ACCESS (OCLC)
Nombre de host VMATEO
Número de acceso 10
Información de compresión 20150807
Inicio de sesión BPMSU
Procesador de solicitud 00151
Existencias
Withdrawn status Lost status Source of classification or shelving scheme Damaged status Not for loan Collection code Home library Current library Date acquired Source of acquisition Total Checkouts Full call number Barcode Date last seen Price effective from Koha item type Copy number
    Dewey Decimal Classification     Colección Dominicana Biblioteca Pública Metropolitana Salomé Ureña Biblioteca Pública Metropolitana Salomé Ureña 08/11/2021 AGN   BPMSU CD 305.42 M385a 2020 BPMSU21080043 08/11/2021 08/11/2021 Libros  
    Dewey Decimal Classification     Colección Dominicana Biblioteca Pública Metropolitana Salomé Ureña Biblioteca Pública Metropolitana Salomé Ureña 08/11/2021 AGN   BPMSU CD 305.42 M385a 2020 BPMSU25110119 11/28/2025 08/11/2021 Libros e.2
    Dewey Decimal Classification     Colección Dominicana Biblioteca Pública Metropolitana Salomé Ureña Biblioteca Pública Metropolitana Salomé Ureña 08/11/2021 AGN   BPMSU CD 305.42 M385a 2020 BPMSU26020088 02/13/2026 08/11/2021 Libros e.3